| 000 | 00980cam a22002774a 4500 | ||
|---|---|---|---|
| 005 | 20260322212015.0 | ||
| 008 | data | ||
| 010 | _a 2006050073 | ||
| 020 | _a9780520250543 (alk. paper) | ||
| 020 | _a0520250540 (alk. paper) | ||
| 040 |
_aDLC _cDLC _dDLC _dC#P _dWC4 _dYDXCP _dDLC |
||
| 043 | _ax------ | ||
| 050 | 0 | 0 |
_aQB631.2 _b.P57 2006 |
| 082 | 0 | 0 |
_a508 _222 |
| 092 | _a508.22 P57 2006 | ||
| 245 | 1 | 0 |
_aPlanet Earth as you've never seen it before / _cAlastair Fothergill. |
| 260 |
_aBerkeley : _bUniversity of California Press, _cc2006. |
||
| 300 |
_a309 p. : _bcol. ill., col. map ; _c29 cm. |
||
| 500 | _aIncludes index. | ||
| 650 | 0 |
_aHabitat (Ecology) _vPopular works. |
|
| 651 | 0 |
_aEarth _vPopular works. |
|
| 700 | 1 | _aFothergill, Alastair. | |
| 856 | 4 | 2 |
_3Publisher description _uhttp://www.loc.gov/catdir/enhancements/fy0702/2006050073-d.html |
| 856 | 4 | 2 |
_3Contributor biographical information _uhttp://www.loc.gov/catdir/enhancements/fy0735/2006050073-b.html |
| 001 | data | ||
| 999 |
_c315 _d315 |
||